Statistiken für Länder nach hinweis

Klicken Sie hier um das Quiz zu spielen!

Allgemein

  • Dieses Quiz wurde 125 mal gespielt
  • Das Durchschnittsergebnis liegt bei 8 aus 15

Antwortstatistiken

HinweisLand% Korrekt
Balkan, Mehrheit muslimisch, NichtslawischAlbanien
81%
Norddeutschland, Christiania, besetzt viele InselnDänemark
80%
3 Amtssprachen, Unabhängigkeit um 1800, in der EUBelgien
76%
Asiatischer Naher Osten, berührt Israel, kein BinnenlandLibanon
73%
Beginnt mit einem J, Kombiniert aus zwei Ländern, viel BürgerkriegJemen
67%
Spricht einen Dialekt des Persischen, Ein "Stan"-Land, Sowjetunion
Tadschikistan
67%
Dhaka, British Raj, ehemals Ostpakistan
Bangladesch
66%
Britisches Commonwealth, über 250 Millionen Einwohner, in den Top 5 der islamischen LänderIndien
65%
Unter den Top-5-Herstellern besetzte Once Nauru, Ostchinesisches Meer
Japan
45%
Ozeanien, Englisch ist eine offizielle Sprache, einst von Deutschland kolonisiert
Papua Neu-Guinea
44%
Leute aus den Benelux-Staaten haben hier Schlimmes getan, Basenji, keine arabische Nation
DR. Kongo
41%
In Amerika, englischsprachig, unter 10.000 QuadratmeilenBelize
38%
Inselstaat nördlich des Äquators, einst von den USA und Spanien besetztPhilippinen
38%
2 Grenzen, Monarchie, 5 Siege beim Eurovision
Vereinigtes Königreich
31%
Beginnt mit einer Kardinalrichtung, im Allgemeinen arm für seinen Kontinent, nicht kommunistisch oder sozialistisch
Nordmazedonien
28%

Verteilung der Resultate

Perzentil nach korrekt beantworteten Fragen

Anzahl Personen mit jedem Resultat

Ihre Resultats-Entwicklung

Sie haben dieses Quiz noch nicht gespielt